Baldomero Lillo: obra completa

Guardat en:
Dades bibliogràfiques
Autors principals: Alvarez Arenas, Ignacio (Autor), Bello Maldonado, Hugo (Autor)
Format: Llibre
Idioma:espanyol
Publicat: Santiago Universidad Alberto Hurtado 2008
Edició:1a. ed
Col·lecció:Colección Biblioteca Chilena, 1
Matèries:
Etiquetes: Afegir etiqueta
Sense etiquetes, Sigues el primer a etiquetar aquest registre!

MARC

LEADER 00000nam a2200000 a 4500
001 UCG2631
003 CL-VaPUC
005 20230531074410.0
008 100715e20081000CL |||||||||||||||||spa|d
999 |c 341761  |d 341759 
020 |a 9789568421175 
040 |c Pontificia Universidad Católica de Valparaíso 
082 0 4 |a Ch863  |b ALV  |2 21 
100 0 |a Alvarez Arenas, Ignacio  |e author  |9 551131 
245 1 0 |a Baldomero Lillo: obra completa 
250 |a 1a. ed 
260 |a Santiago  |b Universidad Alberto Hurtado  |c 2008 
300 |a 799 p 
490 0 |a Colección Biblioteca Chilena, 1 
583 |a last modification  |c 20100715 00:00:00  |k Rodrigo Vera 
600 0 |a Lillo, Baldomero,  |d 1867-1923  |9 860665 
650 0 |a Literatura chilena   |9 308278 
650 0 |a Crítica literaria   |9 269189 
700 0 |a Bello Maldonado, Hugo  |e author  |9 551132 
942 |c BK  |2 ddc 
945 |d 20100715 00:00:00  |a mfarfan 
952 |0 0  |1 0  |4 0  |6 CH_863_000000000000000_ALV_2008  |7 0  |8 X  |9 437472  |a FDOBUD  |b FDOBUD  |d 2019-11-22  |i 4685962  |o Ch863 ALV 2008  |p 4685962  |r 2019-11-22  |w 2019-11-22  |y BK_X  |k BUD